Využitie mikroextrakcie kvapalinou na izoláciu rezíduí pesticídou yo vyoriek mlieka diplomová práca

Salvato in:
Dettagli Bibliografici
Autore principale: Brisudová, Adriana
Natura: Libro
Lingua:slovacco
Pubblicazione: Bratislava STU FCHPT 2019
Accesso online:Visualizza in OPAC
Tags: Aggiungi Tag
Nessun Tag, puoi essere il primo ad aggiungerne!!

MARC

LEADER 00000nam a2200000 a 4500
005 20260127134122.0
008 190530 2019 xo a 001 0 slo d
035 |a vtls011868365 
039 9 |a 201905301054  |b mschk03  |y 201905301054  |z mschk03 
040 |a STUSCHK1  |b slo  |c STUSCHK1  |e AACR2 
100 1 |a Brisudová, Adriana 
245 1 |a Využitie mikroextrakcie kvapalinou na izoláciu rezíduí pesticídou yo vyoriek mlieka  |b diplomová práca  |c Adriana Brisudová 
260 |a Bratislava  |b STU FCHPT  |c 2019 
300 |a 100 s.  |b Obr., tab., grafy  |c 25 cm 
500 |a Študijný program: technická chémia 
500 |a Študijný odbor: chémia, chemické technológie 
500 |a Školiace pracovisko: Ústav analytickej chémie 
500 |a Evid. číslo: FCHPT-104542-76438 
910 |a SCHK95 
999 |c 4483  |d 4483